[Event "Floripa Chess Open 2024"]
[Site "Florianopolis"]
[Date "2024.01.26"]
[Round "8.11"]
[White "Vazquez, Facundo"]
[Black "Ferreira, Vitor Hugo Vieira"]
[Result "1-0"]
[WhiteElo "2381"]
[BlackElo "2128"]
[PlyCount "91"]
[EventDate "2024.01.20"]
[EventRounds "10"]
[EventCountry "BRA"]

1. d4 d5 2. c4 c6 3. Nf3 Nf6 4. e3 Bg4 5. Qb3 Qb6 6. Ne5 Bf5 7. cxd5 Nxd5 ({RR
} 7... Qxb3 8. axb3 Nxd5 9. Bd3 Bxd3 10. Nxd3 e6 11. Bd2 Na6 12. Ke2 Ndb4 13.
Nxb4 Nxb4 14. Na3 Nd5 15. Nc4 h5 16. Rhd1 f6 17. e4 Nc7 18. Bf4 Nb5 19. d5 exd5
20. exd5 Bc5 21. dxc6 bxc6 22. Rac1 {Wojtaszek,R (2668)-Giri,A (2760) Douglas
IOM 2023 1/2-1/2 (31)}) 8. Nc3 ({RR} 8. Bd3 Qxb3 9. axb3 Bxd3 10. Nxd3 e6 11.
Bd2 Nd7 12. Na3 Be7 13. Ke2 a6 14. Nc4 O-O 15. Na5 Ra7 16. e4 Nc7 17. Be3 f5
18. f3 fxe4 19. fxe4 Nb5 20. d5 exd5 21. Bxa7 dxe4 22. Nf2 Nxa7 {Smirnov,P  
(2538)-Yatzenko,A (2308) Sochi RUS 2023 1-0 (43)}) 8... e6 9. Bc4 $146 ({RR} 9.
Be2 Nd7 10. Nxd7 Qxb3 11. axb3 Kxd7 12. Bd2 Bc2 13. Nxd5 exd5 14. b4 Bd6 15. b5
cxb5 16. Bxb5+ Ke6 17. Ba5 Rhc8 18. O-O a6 19. Be2 Rc6 20. h3 Rac8 21. Rfc1 Bb3
22. Rxc6 Rxc6 23. Bd3 Bc2 {Gurevich,M (2634)-Motwani,P (2525) Belgium 2002 1/
2-1/2}) 9... Nb4 10. e4 Bxe4 11. Nxe4 Qxd4 12. O-O Qxe5 13. Re1 b5 14. Bxe6
fxe6 15. Nf6+ Qxf6 16. Rxe6+ Be7 17. Rxf6 gxf6 18. Qe6 Nd7 19. Bd2 Nc5 20. Qe2
Nd5 21. b4 Nd7 22. Qe6 Ne5 23. Re1 Nc7 24. Qf5 O-O 25. f4 Ng6 26. h4 Rf7 27. h5
Nf8 28. Qg4+ Rg7 29. Qxg7+ Kxg7 30. Rxe7+ Kg8 31. Rxc7 Rd8 32. Be3 Rd3 33. Kf2
f5 34. Rxc6 Ra3 35. Rc5 Rxa2+ 36. Kf3 a6 37. Rxf5 Ra3 38. Rf6 Kg7 39. Rb6 Kf7
40. Rb7+ Ke6 41. Ke4 Nd7 42. f5+ Ke7 43. Bg5+ Kd6 44. Bf4+ Ke7 45. f6+ Ke6 46.
f7 1-0

[Event "Floripa Chess Open 2024"]
[Site "Florianopolis"]
[Date "2024.01.26"]
[Round "8.12"]
[White "Labussiere, Yago"]
[Black "Roselli Mailhe, Bernardo"]
[Result "1-0"]
[WhiteElo "2167"]
[BlackElo "2364"]
[PlyCount "79"]
[EventDate "2024.01.20"]
[EventRounds "10"]
[EventCountry "BRA"]

1. c4 g6 2. Nc3 Bg7 3. d4 Nf6 4. e4 d6 5. Nf3 O-O 6. Be2 e5 7. d5 a5 8. Bg5 h6
9. Be3 Ng4 10. Bd2 f5 11. h3 Nf6 12. exf5 gxf5 13. g4 f4 14. g5 hxg5 15. Qc2
Na6 ({RR} 15... Qd7 16. O-O-O Na6 17. a3 Nc5 18. Nxg5 Qf5 19. Qxf5 Bxf5 20. b4
axb4 21. axb4 Nb3+ 22. Kb2 Nd4 23. Rhg1 Nxe2 24. Nxe2 Ne4 25. Nxe4 Bxe4 26. Bc3
Kh7 27. Nc1 b5 28. Rde1 Bf5 29. c5 dxc5 30. bxc5 {Fathy,E (2300)-Le Ruyet,L  
(2245) chess.com INT 2023 0-1 (48)}) 16. Nxg5 Nb4 17. Qb1 Qe7 $146 ({RR} 17...
Bd7 18. Rg1 Qc8 19. Ne6 Bxe6 20. Qg6 Ne8 21. dxe6 Rf6 22. Qg2 Qxe6 23. Qxb7 Rd8
24. O-O-O f3 25. Bxf3 Qxc4 26. a3 d5 27. Be2 Na2+ 28. Kc2 Qc5 29. Be3 d4 30.
Qb3+ Kh8 31. Qxa2 Rb8 32. Rg4 {Van Foreest,J (2640)-Urtnasan,N (2454)
Pardubice CZE 2018 1/2-1/2 (112)}) 18. Rg1 Bd7 19. Nce4 Nxe4 20. Nxe4 Bf5 21.
Bxb4 axb4 22. Bg4 Bh7 23. f3 Qh4+ 24. Kf1 Ra6 25. a4 bxa3 26. Rxa3 Rfa8 27.
Rxa6 Rxa6 28. Kg2 Kh8 29. Kh2 Qd8 30. Be6 Bf6 31. Qf1 Qf8 32. Ng5 Bg6 33. Qf2
Bxg5 34. Rxg5 Qh6 35. Qg2 Kh7 36. Bf5 Bxf5 37. Rxf5 Ra8 38. Rg5 Ra2 39. Qg4
Rxb2+ 40. Kg1 1-0

[Event "Floripa Chess Open 2024"]
[Site "Florianopolis"]
[Date "2024.01.26"]
[Round "8.13"]
[White "Hoffman, Alejandro"]
[Black "Volkmann, Andre Jordi"]
[Result "1-0"]
[WhiteElo "2358"]
[BlackElo "2083"]
[PlyCount "59"]
[EventDate "2024.01.20"]
[EventRounds "10"]
[EventCountry "BRA"]

1. d4 Nf6 2. c4 e6 3. Nc3 d5 4. cxd5 exd5 5. Bg5 Be7 6. e3 c6 7. Qc2 O-O 8. Bd3
g6 9. Nf3 Nh5 10. Bh6 Re8 11. O-O ({RR} 11. h3 Bf8 12. Bg5 Be7 13. g4 Ng7 14.
Bh6 Rf8 15. O-O-O f5 16. Ne5 Bg5 17. Bxg7 Kxg7 18. h4 Bf6 19. h5 Bxe5 20. dxe5
fxg4 21. hxg6 h6 22. f4 gxf3 23. Rxh6 Rh8 24. Rh7+ Rxh7 25. gxh7 Be6 {Gupta,A 
(2587)-Di Benedetto,E (2382) Cannes FRA 2019 1-0}) 11... Bf8 $146 ({RR} 11...
Ng7 12. Bxg7 Kxg7 13. Ne5 Bd6 14. e4 f6 15. Nf3 Bg4 16. Nd2 Qc7 17. h3 dxe4 18.
Ndxe4 Be6 19. Rac1 Bf4 20. Rce1 {1-0 (20) Kalinin,A (1917)-Mordovchenkov,N  
(1827) Nizhnij Novgorod 2012}) ({RR} 11... Nd7 12. h3 Ng7 13. g4 Nf8 14. Ne5
Bg5 15. Bxg5 Qxg5 16. f4 Qh4 17. Rf3 h5 18. f5 hxg4 19. hxg4 Rxe5 20. dxe5
Qxg4+ 21. Kf2 Bxf5 22. Rh1 Bxd3 23. Qxd3 Nd7 24. Qd4 Qg5 25. Rfh3 Nh5 26. Rxh5
{Senft,S (2089)-Dobrin,I (2114) chess.com INT 2023 1-0 (51)}) ({RR} 11... Be6
12. Ne5 Bf8 13. Bxf8 Rxf8 14. b4 Nd7 15. Nxd7 Bxd7 16. Rab1 b5 17. Ne2 Qe7 18.
Ng3 Ng7 19. Rfe1 f5 20. f4 Ne8 21. Nf1 Nd6 22. Nd2 Rf6 23. Nf3 Re6 24. Kf2 Re8
25. Qc1 Nc4 26. Bxc4 {Flockert,R-Feltrup,H Loehne 1971 1/2-1/2 (43)}) 12. Bxf8
Kxf8 13. b4 Ng7 14. b5 Bf5 15. bxc6 Nxc6 16. Bxf5 Nxf5 17. Qb3 Nfe7 18. Qxb7
Qa5 19. Qb2 Rab8 20. Qd2 Rec8 21. Rfc1 Qa3 22. e4 Kg7 23. h4 dxe4 24. Nxe4 Nd5
25. h5 Nce7 26. h6+ Kg8 27. Rxc8+ Rxc8 28. Rb1 f6 29. Nc5 Kf7 30. Rb3 1-0

[Event "Floripa Chess Open 2024"]
[Site "Florianopolis"]
[Date "2024.01.26"]
[Round "8.14"]
[White "Ribeiro, Matheus Mendes Domi"]
[Black "Von Buelow, Georg"]
[Result "1-0"]
[WhiteElo "2130"]
[BlackElo "2345"]
[PlyCount "35"]
[EventDate "2024.01.20"]
[EventRounds "10"]
[EventCountry "BRA"]

1. c4 b6 2. Nc3 c5 3. Nf3 Bb7 4. e3 Nf6 5. d4 e6 6. d5 exd5 7. cxd5 d6 8. e4 g6
9. Bb5+ Nbd7 10. Bg5 h6 11. Bxd7+ Kxd7 12. Bh4 ({RR} 12. Bf4 Nh5 13. e5 Nxf4
14. Qa4+ Kc8 15. Qxf4 dxe5 16. Qxf7 Qe7 17. Qxg6 e4 18. O-O Bg7 19. Nxe4 Bxd5
20. Rfe1 Rd8 21. Nxc5 Qf6 22. Qg4+ Kc7 23. Ne6+ Bxe6 24. Rxe6 {1-0 (24)
Krishna,C (2405)-Sharsha Backer (1997) Pune IND 2023}) 12... Be7 $146 ({RR} 
12... g5 13. Bg3 a6 14. a4 Nh5 15. Ne5+ dxe5 16. Qxh5 Qf6 17. O-O Bd6 18. Nd1
Kc7 19. Ne3 Bc8 20. Rfc1 Qg6 21. Qxg6 fxg6 22. b4 Re8 23. a5 Bd7 24. axb6+ Kxb6
25. Nc4+ Kc7 26. bxc5 Bxc5 27. Nxe5 {Podbrdsky,P (2144)-Horak,J Czechia 2004
1-0}) 13. e5 Nh5 14. Qa4+ Kc8 15. Bxe7 Qxe7 16. O-O-O dxe5 17. Rhe1 Qe8 18. Nb5
1-0

[Event "Floripa Chess Open 2024"]
[Site "Florianopolis"]
[Date "2024.01.26"]
[Round "8.15"]
[White "Nemeth Junior, Henrique"]
[Black "Tomiello, Lucas Costamilan"]
[Result "1/2-1/2"]
[WhiteElo "2147"]
[BlackElo "2306"]
[PlyCount "96"]
[EventDate "2024.01.20"]
[EventRounds "10"]
[EventCountry "BRA"]

1. e4 c5 2. Nf3 d6 3. d4 cxd4 4. Nxd4 Nf6 5. Nc3 a6 6. Be2 e5 7. Nb3 Be7 8. Be3
Be6 9. Nd5 Nbd7 10. Qd3 Bxd5 11. exd5 Rc8 12. c4 a5 ({RR} 12... O-O 13. O-O a5
14. Nd2 Nc5 15. Qc2 Nfd7 16. Bg4 g6 17. Bxd7 Nxd7 18. Qb3 f5 19. f3 Bg5 20. f4
exf4 21. Bxf4 Nc5 22. Qg3 Bxf4 23. Qxf4 Qf6 24. b3 g5 25. Qf2 Rce8 26. Rad1 g4
27. Nb1 {Anand,V (2794)-Shirov,A (2722) Leon 2001 1-0 (56)}) ({RR} 12... b6 13.
O-O O-O 14. Nd2 a5 15. Rae1 Ne8 16. f4 exf4 17. Bxf4 Ne5 18. Bxe5 dxe5 19. Bg4
Rb8 20. Rxe5 Bf6 21. Re2 Bxb2 22. Nb3 Ba3 23. Kh1 Nf6 24. Bf3 Bd6 25. Nd4 Qc7
26. Nb5 Qd7 27. Nxd6 {Benitez,A (1956)-De Souza,S (1639) Florianopolis BRA
2024 1/2-1/2 (56)}) ({RR} 12... O-O 13. O-O Ne8 14. Bg4 e4 15. Qe2 f5 16. Bh3
g5 17. Nd4 Ng7 18. f3 exf3 19. gxf3 Ne5 20. b3 Ng6 21. Rae1 h5 22. Qc2 Nh4 23.
Kh1 g4 24. Bh6 Bf6 25. Bxg7 Bxg7 26. Ne6 Qd7 27. fxg4 {Tomiello,L (2288)
-Federzoni,E (2133) Rio de Janeiro BRA 2023 0-1 (51)}) 13. a4 b6 14. O-O O-O
15. Nd2 $146 ({RR} 15. f4 exf4 16. Rxf4 Ne5 17. Qd2 Nfd7 18. Nd4 Nc5 19. b3 Bg5
20. Rf5 Bxe3+ 21. Qxe3 g6 22. Rf4 f5 23. Raf1 Qd7 24. Qh3 Rce8 25. Bd1 Rf7 26.
Bc2 Ref8 27. Qg3 Kh8 28. h3 Rf6 29. Qc3 Qg7 {Ponomarev,V (2214)-Shuvalova,P  
(2492) St Petersburg RUS 2022 0-1 (55)}) ({RR} 15. Rae1 Nc5 16. Nxc5 bxc5 17.
Bd1 Nd7 18. f4 f5 19. Qc2 e4 20. g4 g6 21. g5 Re8 22. h4 Bf8 23. Qg2 Bg7 24.
Re2 Rb8 25. b3 Qe7 26. Qh3 Bd4 27. Rh2 Qg7 28. h5 Kf7 29. Kf2 Rg8 {Kiolbasa,O 
(2210)-Marczuk,D (2184) Ustron 2015 1-0 (73)}) 15... Nc5 16. Qb1 Ne8 17. Bg4
Rb8 18. f4 exf4 19. Bxf4 Bg5 20. Ra3 g6 21. Rg3 Bxf4 22. Rxf4 Ng7 23. Bd1 Qe7
24. Rf1 f5 25. Bc2 Rbe8 26. b4 axb4 27. Qxb4 Qf6 28. Kh1 Re2 29. Bd1 Re7 30.
Qc3 Qxc3 31. Rxc3 Rfe8 32. Kg1 Re3 33. Rc1 g5 34. Rb1 Nd7 35. Nf3 h6 36. Nd4
R8e5 37. Nb5 Ne8 38. Bc2 f4 39. Bg6 Ndf6 40. Nd4 Rc3 41. Rxb6 Rxc4 42. Nf5 Rc8
43. Rb7 Rc7 44. Rfb1 Rxb7 45. Rxb7 Ng4 46. Re7 Rxe7 47. Nxe7+ Kf8 48. Nc8 Nc7
1/2-1/2

[Event "Floripa Chess Open 2024"]
[Site "Florianopolis"]
[Date "2024.01.26"]
[Round "8.16"]
[White "De Carvalho, Jose Jorge"]
[Black "Menna Barreto, Felipe Kubiaki"]
[Result "1-0"]
[WhiteElo "2119"]
[BlackElo "2278"]
[PlyCount "205"]
[EventDate "2024.01.20"]
[EventRounds "10"]
[EventCountry "BRA"]

1. Nf3 c5 2. e4 Nc6 3. Bb5 g6 4. O-O Bg7 5. c3 e5 6. d3 Nge7 7. Be3 d6 8. d4
exd4 9. cxd4 O-O 10. Nc3 Qb6 11. dxc5 dxc5 12. Bxc6 Qxc6 13. Nd5 Nxd5 14. exd5
Qd6 $146 ({RR} 14... Qb5 15. Qb3 Qxb3 16. axb3 b6 17. b4 cxb4 18. Bxb6 Bb7 19.
Bxa7 Bxb2 20. Rab1 Ba6 21. Rfd1 Be2 22. Rd2 Bxf3 23. Rbxb2 Bxd5 24. Rxd5 Rxa7
25. h4 Rb8 26. Rd4 b3 27. Rd3 Rab7 28. g3 Kg7 29. Kg2 {Mladenovic,S (2274)
-Stanojoski,Z (2417) Obrenovac 2013 0-1 (41)}) 15. Qd2 Rd8 16. Rfd1 Bg4 17.
Rac1 Bxf3 18. gxf3 Rac8 19. Bf4 Be5 20. Bg3 Qf6 21. Bxe5 Qxe5 22. Rc3 c4 23.
Re3 Qg5+ 24. Kh1 Kg7 25. Qd4+ Qf6 26. Re7 Rxd5 27. Rxf7+ Kxf7 28. Qxd5+ Kf8 29.
Qxb7 Re8 30. Kg2 Qg5+ 31. Kf1 Re7 32. Qc8+ Kg7 33. Qxc4 Qe5 34. Qd4 a5 35. f4
Qxd4 36. Rxd4 Rb7 37. b3 Rb5 38. Rd7+ Kf6 39. Rxh7 a4 40. Rh3 axb3 41. axb3 Kf5
42. Ke2 Rb4 43. Rc3 Re4+ 44. Re3 Rd4 45. h3 Kxf4 46. Rg3 Rd6 47. Rd3 Ra6 48.
Rd4+ Ke5 49. Rg4 Ra3 50. b4 Kf5 51. f3 Rb3 52. Kf2 Rb1 53. h4 Rb2+ 54. Kg3 Kf6
55. Rc4 Rb1 56. Rc6+ Kg7 57. Rc4 Kf6 58. Kf4 Rh1 59. Ke3 Ke5 60. b5 Re1+ 61.
Kf2 Rb1 62. Rg4 Kf5 63. Kg2 Rb3 64. Kg3 Rb1 65. Rg5+ Kf6 66. Rc5 Rg1+ 67. Kf2
Rh1 68. Kg3 Rg1+ 69. Kf4 Rh1 70. Rc6+ Kg7 71. Ke5 Rxh4 72. Rc7+ Kh6 73. b6 Rb4
74. b7 Kg5 75. Kd6 Rb1 76. Rf7 Rb3 77. Kc7 Rc3+ 78. Kd8 Rd3+ 79. Kc8 Rc3+ 80.
Kd8 Rd3+ 81. Ke8 Re3+ 82. Re7 Rb3 83. Kd8 Rd3+ 84. Ke8 Rb3 85. Rf7 Re3+ 86. Kf8
Rb3 87. Kg7 Rb1 88. f4+ Kh5 89. Kh7 Rb6 90. Kg7 Rb1 91. Kf6 Rb6+ 92. Ke5 Rb5+
93. Kd6 Rb4 94. Kc6 Rc4+ 95. Kb5 Rc1 96. Rf8 Kg4 97. b8=Q Rb1+ 98. Kc4 Rxb8 99.
Rxb8 Kxf4 100. Kd3 g5 101. Ke2 Kg3 102. Kf1 g4 103. Kg1 1-0

[Event "Floripa Chess Open 2024"]
[Site "Florianopolis"]
[Date "2024.01.26"]
[Round "8.17"]
[White "Molina, Roberto Junio Brito"]
[Black "Silva, Guilherme Henrique"]
[Result "1/2-1/2"]
[WhiteElo "2381"]
[BlackElo "2068"]
[PlyCount "84"]
[EventDate "2024.01.20"]
[EventRounds "10"]
[EventCountry "BRA"]

1. d4 Nf6 2. c4 e6 3. Nf3 c5 4. d5 b5 5. Bg5 exd5 6. cxd5 d6 7. e4 a6 8. a4 Be7
9. axb5 Nxe4 10. Bxe7 Qxe7 11. Be2 O-O 12. O-O Nf6 13. Nc3 Bb7 14. Re1 axb5 15.
Bxb5 Qc7 $146 ({RR} 15... Rxa1 16. Qxa1 Qd8 17. Rd1 Qb6 18. Qa4 Na6 19. Nd2 Nb4
20. Nc4 Qc7 21. Qa5 Qxa5 22. Nxa5 Bxd5 23. Nxd5 Nfxd5 24. Bc4 Ra8 25. Nb7 Nb6
26. Nxd6 Nxc4 {1/2-1/2 (26) Becker,M (2353)-Feygin,M (2521) Belgium 2012}) ({RR
} 15... Qd8 16. Rxa8 Bxa8 17. Qd3 Nbd7 18. Bc6 Nb6 19. Ng5 c4 20. Qd4 Nbxd5 21.
Nxd5 Nxd5 22. Bxa8 Qxa8 23. Qxc4 Nf6 24. Ne4 Nxe4 25. Qxe4 d5 26. Qd4 h6 27. h3
Qc6 28. Re3 Rb8 29. Rg3 g6 30. Rc3 {Grabarczyk,M (2445)-Vlasak,L (2315)
Teplice 2011 1/2-1/2 (100)}) 16. Rxa8 Bxa8 17. Nh4 Nbd7 18. Nf5 g6 19. Ne3 Nb6
20. Be2 Re8 21. Bf3 Re5 22. Qd2 Kg7 23. g3 Bb7 24. Ra1 h5 25. h4 Re8 26. b3
Nbd7 27. Bg2 Ne5 28. Nc4 Nxc4 29. bxc4 Bc8 30. Nb5 Qb6 31. Na7 Bg4 32. Nc6 Qb3
33. Bf1 Ne4 34. Qf4 Qf3 35. Qxf3 Bxf3 36. Re1 Ra8 37. Bd3 Nd2 38. Rc1 Ra3 39.
Bf1 Ra2 40. Bd3 Ra3 41. Bf1 Ra2 42. Bd3 Ra3 1/2-1/2

[Event "Floripa Chess Open 2024"]
[Site "Florianopolis"]
[Date "2024.01.26"]
[Round "8.18"]
[White "Matsuura, Everaldo"]
[Black "Starke, Bruno Orlando"]
[Result "1/2-1/2"]
[WhiteElo "2410"]
[BlackElo "2145"]
[PlyCount "46"]
[EventDate "2024.01.20"]
[EventRounds "10"]
[EventCountry "BRA"]

1. d4 d5 2. c4 e6 3. Nc3 c6 4. Nf3 Nf6 5. Bg5 Nbd7 6. e3 Be7 7. Rc1 O-O 8. a3
Re8 9. h3 ({RR} 9. Be2 a6 10. cxd5 exd5 11. O-O Bd6 {1/2-1/2 (11) Varga,Z  
(2457)-Vajda,L (2571) Balatonlelle 2009}) 9... dxc4 ({RR} 9... Nf8 10. Bd3 b6
11. O-O Bb7 12. Qe2 Ne4 13. Bf4 Nxc3 14. Rxc3 Bd6 15. cxd5 exd5 16. Bxd6 Qxd6
17. Rfc1 a5 18. Qc2 Rac8 19. Qb3 Nd7 20. Bf5 b5 21. Ne5 Nxe5 22. dxe5 Qxe5 23.
Bxc8 Rxc8 24. Rc5 {Nikolov,S (2254)-Eke,S (2192) Balikesir TUR 2022 1-0}) 10.
Bxc4 Nd5 11. Bf4 $146 ({RR} 11. Bxe7 Qxe7 12. O-O Nxc3 13. Rxc3 e5 14. dxe5
Nxe5 15. Nxe5 Qxe5 16. Qb3 Qc7 17. Rd1 Be6 18. Bxe6 Rxe6 19. Rcd3 Re7 20. Qa4
b6 21. Rd6 Rae8 22. Rxc6 Qe5 23. Qd4 Qb5 24. Rd6 h6 25. Rd7 Rxd7 {Bengtsson,O 
(2075)-Rasmussen,B (1658) Copenhagen 2002 1-0 (60)}) ({RR} 11. Bxe7 Qxe7 12.
O-O Nxc3 13. Rxc3 e5 14. Qc2 e4 15. Nd2 Nf6 16. b4 a6 17. Rb1 Bd7 18. Bb3 Rad8
19. Rc5 Qd6 20. a4 Qb8 21. Nc4 Be6 22. Ne5 h6 23. b5 cxb5 24. axb5 axb5 25.
Bxe6 Rxe6 {Glyanets,A (2370)-Jirovsky,P (2280) Ceske Budejovice 1992 1-0 (38)})
11... Nxf4 12. exf4 Nb6 13. Ba2 Nd5 14. g3 b6 15. O-O Bb7 16. Nxd5 exd5 17. Ne5
c5 18. Bb1 g6 19. f5 Bf6 20. Re1 cxd4 21. fxg6 hxg6 22. Qxd4 Qd6 23. f4 Rac8
1/2-1/2

[Event "Floripa Chess Open 2024"]
[Site "Florianopolis"]
[Date "2024.01.26"]
[Round "8.19"]
[White "Do Nascimento, Christian Almeida"]
[Black "Umetsubo, Cesar Hidemitsu"]
[Result "0-1"]
[WhiteElo "2123"]
[BlackElo "2349"]
[PlyCount "88"]
[EventDate "2024.01.20"]
[EventRounds "10"]
[EventCountry "BRA"]

1. d4 Nf6 2. Bg5 d5 3. e3 c6 4. Bd3 Bg4 5. f3 Bh5 6. Ne2 ({RR} 6. c3 e6 7. Ne2
Bg6 8. e4 Be7 9. e5 Nfd7 10. Bxe7 Qxe7 11. O-O c5 12. a3 Nc6 13. f4 Bh5 14. Qd2
Bxe2 15. Bxe2 Qd8 16. b4 cxd4 17. cxd4 Qb6 18. Rd1 O-O 19. Nc3 Rac8 20. Na4 Qd8
{Terry,R (2522)-Ashraf,A (2399) chess.com INT 2024 0-1 (44)}) 6... Qb6 ({RR} 
6... e6 7. Nf4 Bg6 8. Nxg6 hxg6 9. c4 dxc4 10. Bxf6 Qxf6 11. Bxc4 Bd6 12. Nc3
Qh4+ 13. Ke2 Nd7 14. Ne4 Qe7 15. a3 Bc7 16. b4 Nb6 17. Bb3 Nd5 18. f4 f5 19.
Bxd5 exd5 20. Nc5 Bxf4 21. Qg1 {Kasparov,G (2815)-Kramnik,V (2780) Moscow 1998
1/2-1/2 (66)}) 7. Nd2 Nbd7 8. O-O $146 ({RR} 8. Bf4 e6 9. Rb1 Bb4 10. c3 Be7
11. Bc2 O-O 12. g4 Bg6 13. h4 Bxc2 14. Qxc2 c5 15. h5 Ne8 16. g5 f5 17. Nf1 Bd6
18. Bxd6 Qxd6 19. f4 b5 20. Nd2 Qc6 21. Nf3 Nd6 22. g6 h6 {Koellner,A (2106)
-Schaum,M (1947) Weilerbach GER 2019 1-0 (48)}) ({RR} 8. Bf4 e6 9. Rb1 Bb4 10.
c3 Be7 11. Bc2 O-O 12. g4 Bg6 13. h4 Bxc2 14. Qxc2 c5 15. h5 Ne8 16. g5 f5 17.
Nf1 Bd6 18. Bxd6 Qxd6 19. f4 b5 20. Nd2 Qc6 21. Nf3 Nd6 22. g6 h6 {Koellner,A 
(2106)-Schaum,M (1947) Weilerbach GER 2019 1-0 (48)}) 8... e5 9. c4 Be7 10. c5
Nxc5 11. dxc5 Bxc5 12. Kh1 Bxe3 13. Bxf6 gxf6 14. Ng3 Bg6 15. Qc2 Qd4 16. Nde4
dxe4 17. Bxe4 O-O-O 18. b4 Qxb4 19. Rab1 Qd2 20. Qa4 Bb6 21. Rfc1 Bxe4 22. Nxe4
Qd4 23. Rc4 Qe3 24. Rxc6+ Kb8 25. Rxf6 Rd4 26. Qb5 Rhd8 27. Qf1 Qa3 28. h3 Qxa2
29. Kh2 Rg8 30. Ra1 Qc4 31. Qxc4 Rxc4 32. g4 Rc7 33. g5 Bd4 34. Rb1 a5 35. Kg3
h6 36. h4 hxg5 37. hxg5 Rg6 38. Rb5 b6 39. Kg4 Rxf6 40. gxf6 a4 41. Rb4 a3 42.
Ra4 Ra7 43. Rc4 a2 44. Nd6 Bc5 0-1

[Event "Floripa Chess Open 2024"]
[Site "Florianopolis"]
[Date "2024.01.26"]
[Round "8.20"]
[White "Uczai, Joao Pedro Filimber"]
[Black "Labussiere, Victor"]
[Result "1/2-1/2"]
[WhiteElo "2122"]
[BlackElo "2328"]
[PlyCount "141"]
[EventDate "2024.01.20"]
[EventRounds "10"]
[EventCountry "BRA"]

1. e4 c5 2. c3 Nf6 3. e5 Nd5 4. d4 cxd4 5. Nf3 Nc6 6. cxd4 d6 7. Bc4 Nb6 8. Bb5
dxe5 9. Nxe5 Bd7 10. Nxd7 Qxd7 11. Nc3 e6 12. O-O a6 13. Bxc6 bxc6 ({RR} 13...
Qxc6 14. Re1 Bb4 15. Qg4 Bxc3 16. bxc3 Kf8 17. Bf4 h5 18. Qg3 h4 19. Qg4 Nd5
20. Be5 f6 21. c4 Ne7 22. Bxf6 gxf6 23. d5 exd5 24. Re6 Qxc4 25. Rxf6+ Ke8 26.
Qg7 Kd7 27. Re1 Rae8 28. Rfe6 {Abdusattorov,N (2627)-So,W (2770) chess.com INT
2020 1-0 (34)}) ({RR} 13... Qxc6 14. Bf4 Be7 15. Rc1 O-O 16. Qg4 Rfc8 17. Bh6
Bf8 18. h4 Kh8 19. Bf4 Nd5 20. Ne4 Qb5 21. Ng5 Qe8 22. Bd2 h6 23. Qh5 Kg8 24.
Ne4 Rxc1 25. Rxc1 Rc8 26. Nc3 Qd7 27. Nxd5 Rxc1+ 28. Bxc1 {Antoniou,R (2030)
-Goryachkina,A (2553) chess.com INT 2024 1/2-1/2 (89)}) 14. Qf3 Be7 15. Be3
$146 ({RR} 15. Bf4 O-O 16. Rfd1 a5 17. Ne4 Nd5 18. Be5 f6 19. Bg3 a4 20. Rac1
Ra7 21. Nc5 Bxc5 22. Rxc5 Rb7 23. Qa3 Ra8 24. h3 Ne7 25. Rc4 Rba7 26. Rdc1 Ra6
27. Bf4 Nf5 28. Be3 Nd6 29. Rb4 Qe7 {Semenov,V (1730)-Potapova,M (2104)
Gelendzhik RUS 2023 0-1 (33)}) 15... O-O 16. Rac1 Rfb8 17. Rfd1 a5 18. Rc2 a4
19. Qg4 Nd5 20. Bh6 Bf8 21. Nxd5 cxd5 22. Bf4 Rc8 23. Rdc1 Rxc2 24. Rxc2 Rc8
25. Qd1 Rc4 26. b3 axb3 27. axb3 Rb4 28. Rc7 Qd8 29. g3 Rb8 30. Qh5 g6 31. Qf3
Qf6 32. Kg2 Ra8 33. Be5 Qxf3+ 34. Kxf3 Bg7 35. Bxg7 Kxg7 36. Rb7 g5 37. b4 Kg6
38. b5 h5 39. b6 Ra3+ 40. Ke2 Rb3 41. Kd2 f6 42. Rb8 Kf5 43. b7 Kg4 44. Rf8
Rxb7 45. Rxf6 Rb6 46. Ke3 h4 47. f3+ Kh3 48. gxh4 gxh4 49. Rh6 Ra6 50. f4 Ra3+
51. Ke2 Ra2+ 52. Kf3 Ra3+ 53. Ke2 Ra2+ 54. Kf3 Rxh2 55. Rxe6 Rd2 56. Ke3 Rb2
57. Re5 Rb5 58. Rg5 Kh2 59. f5 Rb1 60. f6 Rf1 61. Rxd5 Rxf6 62. Rh5 h3 63. Ke4
Kg3 64. Ke5 Rf8 65. d5 h2 66. d6 Re8+ 67. Kf6 Re4 68. Rxh2 Kxh2 69. d7 Rd4 70.
Ke7 Rxd7+ 71. Kxd7 1/2-1/2

[Event "Floripa Chess Open 2024"]
[Site "Florianopolis"]
[Date "2024.01.26"]
[Round "8.21"]
[White "Filgueiras, Nathan Felipe"]
[Black "Casalaspro, Mathias Andre"]
[Result "1-0"]
[WhiteElo "2321"]
[BlackElo "2121"]
[PlyCount "89"]
[EventDate "2024.01.20"]
[EventRounds "10"]
[EventCountry "BRA"]

1. e4 c6 2. d4 d5 3. e5 Bf5 4. h4 h5 5. Bd3 Bxd3 6. Qxd3 Qa5+ 7. Nd2 e6 8. Ngf3
Ne7 9. O-O Nf5 10. Nb3 Qa6 11. Qd1 Be7 12. g3 Nd7 13. Bg5 Bxg5 14. Nxg5 g6 15.
c3 $146 ({RR} 15. a4 Rc8 16. c3 Kf8 17. Re1 Kg7 18. Nc1 c5 19. Ne2 Qb6 20. a5
Qb5 21. Ra3 Rc7 22. Nf4 Nf8 23. dxc5 Qxc5 24. Ne2 Nh7 25. Nf3 a6 26. Ned4 Nxd4
27. cxd4 Qb4 28. Qb3 Qxb3 29. Rxb3 Rhc8 {Motylev,A (2621)-Celik,H (2420)
Vrnjacka Banja SRB 2023 1/2-1/2 (54)}) ({RR} 15. Re1 Rc8 16. c3 c5 17. Qd2 b6
18. Nf3 Kf8 19. Kg2 Kg7 20. Nc1 cxd4 21. Nxd4 Nxd4 22. cxd4 Qa5 23. Qe3 Rc2 24.
Nd3 Qd2 25. Qf3 Rhc8 26. Re3 Rf8 27. Rae1 Qa5 28. Qf4 Qd2 29. Qg5 f6 {Dziuba,M
(2535)-Sowinski,P (2313) Przeworsk POL 2023 1/2-1/2 (94)}) 15... Kf8 16. Nc1 c5
17. Ne2 Kg7 18. Re1 c4 19. Nf4 Nf8 20. Kg2 Nh7 21. Nxh7 Rxh7 22. Rh1 Nh6 23. f3
Nf5 24. Qd2 Qb6 25. Rh2 Kf8 26. Rf1 Ke7 27. g4 hxg4 28. fxg4 Nxh4+ 29. Rxh4
Rxh4 30. Nxd5+ exd5 31. Qg5+ Kf8 32. Qxh4 Kg7 33. Kg3 Rh8 34. Rxf7+ Kxf7 35.
Qxh8 Qxb2 36. Qf6+ Kg8 37. Qxg6+ Kf8 38. Qh6+ Ke7 39. Qf6+ Ke8 40. e6 Qxc3+ 41.
Kh4 Qe1+ 42. Kh5 Qh1+ 43. Kg6 Qe4+ 44. Kh6 Qe3+ 45. Kg7 1-0

[Event "Floripa Chess Open 2024"]
[Site "Florianopolis"]
[Date "2024.01.26"]
[Round "8.22"]
[White "Delgado, Lidio Dias"]
[Black "Soriano Quispe, Ivan Excender"]
[Result "0-1"]
[WhiteElo "2110"]
[BlackElo "2271"]
[PlyCount "116"]
[EventDate "2024.01.20"]
[EventRounds "10"]
[EventCountry "BRA"]

1. d4 d5 2. Nf3 e6 3. c4 a6 4. cxd5 exd5 5. Nc3 c6 6. Bf4 Bd6 7. Bxd6 Qxd6 8.
e3 Nf6 9. Qc2 O-O 10. Bd3 Nbd7 11. O-O Re8 12. a3 $146 ({RR} 12. h3 Nf8 13. Na4
Ne4 14. Nb6 Rb8 15. Nxc8 Rbxc8 16. Bxe4 dxe4 17. Nd2 c5 18. dxc5 Rxc5 19. Nxe4
Rxc2 20. Nxd6 Re6 21. Nxb7 Rb6 22. Na5 Rbxb2 23. Nb3 Rxa2 24. Rxa2 Rxa2 25. Rc1
g6 26. Nd4 a5 {Molvig,H (2125)-Antonsen,M (2459) Koge 2015 0-1 (43)}) ({RR} 12.
Rfb1 a5 13. a3 h6 14. Rc1 Qe7 15. Nd2 Nf8 16. Na4 Bg4 17. Nb6 Ra7 18. Nf1 N8d7
19. Na4 b5 20. Nc5 a4 21. Nxd7 Bxd7 22. Ng3 g6 23. Re1 h5 24. Rac1 h4 25. Ne2
Raa8 26. h3 g5 {Kononenko,D (2322)-Smirnova,E (2239) Orsha BLR 2021 0-1 (61)})
12... g6 13. Rac1 Nb6 14. Qb3 Qd8 15. Ne5 Ng4 16. Nxg4 Bxg4 17. h3 Be6 18. Ne2
Rb8 19. Qb4 Nd7 20. Qd6 Nb6 21. Qb4 Nc4 22. e4 Nd6 23. e5 Bf5 24. Rfd1 Bxd3 25.
Rxd3 f6 26. f4 fxe5 27. fxe5 Nf5 28. Rf1 Qe7 29. Qc3 c5 30. dxc5 Qxe5 31. Qxe5
Rxe5 32. Nf4 d4 33. g4 Ne3 34. Rc1 Re4 35. Ne2 Nxg4 36. Rxd4 Rxe2 37. Rxg4 Rxb2
38. Rb4 Rxb4 39. axb4 Rc8 40. Rd1 Rc7 41. Kf2 Kf7 42. Kf3 Ke6 43. Rd6+ Ke5 44.
Kg4 Rf7 45. Rb6 Kd5 46. h4 Rc7 47. h5 Re7 48. hxg6 hxg6 49. Kg5 Rc7 50. Kf4 Rg7
51. Kg5 Rc7 52. Kf4 Re7 53. Kg5 Ke5 54. c6 bxc6 55. Rxc6 Re6 56. Rc2 Kd4 57.
Rc1 Rb6 58. Rc7 Rxb4 0-1